000 00772nam a22002177a 4500
003 OSt
005 20240723145814.0
008 240723b ||||| |||| 00| 0 eng d
022 _a09731741
040 _cAIMIT LIBRARY
082 _a658
_bDEVF
110 _aCommittee on Publication Ethics
_9173963
245 _aJournal of South Asian Development /
_cBy Committee on Publication Ethics.
260 _aNew Delhi :
_bSage Publications,
_c2018.
300 _bHB
_c24 cm.
440 _aJournal of South Asian Development
_vVol. 14 No.1-3/2019
_9173964
650 _aProducing the aesthetic self
_9173965
650 _aportraits of womens paid domestic care labour
_9173966
650 _apresence into participation and representation
_9173967
942 _2ddc
_cBV
_k658 DEVF
999 _c231500
_d231500